Przewoźnicy GZM - Statystyki

Ogólne statystyki
  • Ten quiz został rozwiązany 12 razy
  • Średni wynik to 9 z 14
Statystyki odpowiedzi
Nr. Przewoźnik % Poprawnych
6. PKM Gliwice
100%
7. PKM Katowice
100%
5. PKM Świerklaniec
100%
4. Lazar
82%
8. PKM Sosnowiec
82%
1. Kłosok
73%
2. Transgór
73%
9. PKM Tychy
64%
10. PKS Grodzisk Mazowiecki
64%
3. PKS Południe
45%
11. TLT
36%
13. Transport Nowak
27%
14. PKS Gostyń
18%
12. Tramwaje Śląskie
18%
Nie znaleziono quizów pasujących do podanych kryteriów
Rozkład punktacji
Procent ludzi z każdym wynikiem
Percentyl według liczby udzielonych odpowiedzi
Twoja historia wyników
Nie rozwiązałeś tego quizu